000 00639nam a22001937a 4500
005 20250225151222.0
010 _aENG-143942
020 _a9789393757012
_c255.00
035 _aEN-127474
037 _bDBAD/PUB
082 _aS
_201
100 _aSaleem Muzaffar
_978710
245 _aHis Wife's Lover and Other Stories
_cMuzaffar Salleem
_hEnglish
260 _aMaharashtra
_bVishwakarma publication
_c2022
270 _a34A/1 , Suyog Center ,7 th Floor ,Gultekadi Marketyard Road ,Giridhar Bhavan Chowk , pune
_bMaharashtra
_e411037
300 _a181p
_c21cm(pbk)
700 _aSnorrason, Gylfi K.
_978655
942 _2ddc
_cEN
_hS
_mSAL
999 _c209758
_d209758